La interculturalidad de Bratislava desde la perspectiva de los estudiantes extranjeros diplomová práca

Salvato in:
Dettagli Bibliografici
Autore principale: Tunčerová, Begüm
Ente Autore: Fakulta aplikovaných jazykov EU v Bratislave. Katedra románskych a slovanských jazykov
Altri autori: Pavliková, Želmíra, 1979-
Natura: Libro
Lingua:spagnolo
Pubblicazione: Bratislava 2024
Tags: Aggiungi Tag
Nessun Tag, puoi essere il primo ad aggiungerne!!

MARC

LEADER 00000nbm a2200000 4500
001 0300572
005 20250919124950.2
041 0 |a spa 
044 |a SK 
245 1 0 |a La interculturalidad de Bratislava desde la perspectiva de los estudiantes extranjeros  |b diplomová práca  |c Begüm Tunčerová ; školiteľ: Želmíra Pavliková 
264 1 |a Bratislava  |c 2024 
300 |a 71 s. 
100 1 |a Tunčerová, Begüm 
700 1 |a Pavliková, Želmíra, 1979- 
710 2 |a Fakulta aplikovaných jazykov EU v Bratislave. Katedra románskych a slovanských jazykov